EXPERT SYSTEMS IN THE MICROELECTRONICS AGE (Record no. 579785)
[ view plain ]
| 000 -LEADER | |
|---|---|
| fixed length control field | 00275nam a22001217a 4500 |
| 020 ## - INTERNATIONAL STANDARD BOOK NUMBER | |
| International Standard Book Number | 0-85224-381-2 |
| 082 ## - DEWEY DECIMAL CLASSIFICATION NUMBER | |
| Classification number | 621.381 EXP'M |
| 100 ## - MAIN ENTRY--PERSONAL NAME | |
| Personal name | MICHIE, DONALD |
| 9 (RLIN) | 74223 |
| 245 ## - TITLE STATEMENT | |
| Title | EXPERT SYSTEMS IN THE MICROELECTRONICS AGE |
| 260 ## - PUBLICATION, DISTRIBUTION, ETC. | |
| Date of publication, distribution, etc. | 1979 |
| 300 ## - PHYSICAL DESCRIPTION | |
| Extent | 287P |
| 942 ## - ADDED ENTRY ELEMENTS (KOHA) | |
| Koha item type | Book |
| Withdrawn status | Lost status | Damaged status | Not for loan | Permanent Location | Current Location | Shelving location | Date acquired | Total Checkouts | Full call number | Barcode | Date last seen | Price effective from | Koha item type |
|---|---|---|---|---|---|---|---|---|---|---|---|---|---|
| College of Electrical & Mechanical Engineering (CEME) | College of Electrical & Mechanical Engineering (CEME) | General Stacks | 05/02/2017 | 621.381 EXP'M | CEME-15699 | 06/28/2021 | 06/28/2021 | Book |
